Fr. Conceicao Rodrigues College of Engineering

Advanced welding processes (Record no. 21982)

MARC details
000 -LEADER
fixed length control field 00304nam a2200145Ia 4500
082 ## - DEWEY DECIMAL CLASSIFICATION NUMBER
Classification number 671.52
Item number NIK/OLS
100 ## - MAIN ENTRY--PERSONAL NAME
Personal name Nikolaev/ Olshansky
245 ## - TITLE STATEMENT
Title Advanced welding processes
260 ## - PUBLICATION, DISTRIBUTION, ETC.
Name of publisher, distributor, etc. Mir Publishers
300 ## - PHYSICAL DESCRIPTION
Extent 247
546 ## - LANGUAGE NOTE
Language note ENGLISH
654 ## - SUBJECT ADDED ENTRY--FACETED TOPICAL TERMS
Focus term Welding
942 ## - ADDED ENTRY ELEMENTS (KOHA)
Koha item type BOOK
Holdings
Withdrawn status Lost status Damaged status Not for loan Collection Home library Current library Date acquired Total Checkouts Full call number Barcode Date last seen Price effective from Koha item type
        CRC Fr. Agnel's C.Rodrigues College of Engineering Fr. Agnel's C.Rodrigues College of Engineering 17/03/2023   671.52 NIK/OLS 11048 17/03/2023 17/03/2023 BOOK
        CRC Fr. Agnel's C.Rodrigues College of Engineering Fr. Agnel's C.Rodrigues College of Engineering 17/03/2023   671.52 NIK/OLS 11049 17/03/2023 17/03/2023 BOOK